00345pab a2200133 454500008004000000100002000040245004700060260000900107300001200116362001200128650004100140650001700181773001300198180718b1980 xxu||||| |||| 00| 0 eng d aGupta, Shiva K. aTrends and pattern of urbanisation in U.P. c1980 ap.8-23. aOct-Dec aUrbanization - India - Uttar Pradesh aUrbanization aNagarlok